Top 25 DC Comics Characters of All-Time - Statistics

General Stats
  • This quiz has been taken 3,206 times
  • The average score is 18 of 25
Answer Stats
Rank Character Title Year Introduced Real Name % Correct
#1 Batman Hero 1939 Bruce Wayne
100%
#2 Superman Hero 1938 Clark Kent
100%
#4 The Flash Hero 1940 Barry Allen
98%
#10 Wonder Woman Hero 1941 Diana Prince
96%
#3 The Joker Villain 1940 Unknown
95%
#9 Harley Quinn Villain 1993 Harleen Quinzel
93%
#18 Robin Hero 1940 Jason Todd
93%
#16 Catwoman Villain 1940 Selina Kyle
90%
#5 Green Lantern Hero 1940 Hal Jordan
90%
#8 Green Arrow Hero 1941 Oliver Queen
89%
#7 Nightwing Hero 1984 Dick Grayson
88%
#24 Two-Face Villain 1942 Harvey Dent
87%
#23 Oracle Hero 1989 Barbra Gordon
86%
#13 Aquaman Hero 1941 Arthur Curry
85%
#6 Deathstroke Villain 1980 Slade Wilson
82%
#12 Martian Manhunter Hero 1955 J'onn J'onzz
79%
#15 Shazam Hero 1940 William Batson
68%
#21 Deadshot Villain 1950 Floyd Lawton Jr.
60%
#14 Lex Luthor Villain 1940 N/A
45%
#19 Darkseid Villain 1971 Uxas
42%
#17 Bane Villain 1993 Unknown
35%
#20 Doomsday Villain 1992 Unknown
19%
#22 Raven Hero 1980 Unknown
14%
#11 Alfred Pennyworth Hero 1943 N/A
12%
#25 Zatanna Hero 1964 N/A
12%
No matching quizzes found
Score Distribution
Percent of People with Each Score
Percentile by Number Answered
Your Score History
You have not taken this quiz